000 00848nas a2200277 4500
001 BR9205839
003 BR-BrBNA
005 20231205094628.0
007 ta
008 230509b bl.|||p| |||| 00| 00por d
040 _aBR-BrBNA
_bpor
_cBiblioteca Nacional de Agricultura
041 _a(Pt)
072 _aH10
100 1 _aNakayama, K.
100 1 _aHaramoto, K.A.
100 1 _aNakano, O.
100 1 _aBastos, H.S.
245 1 _aEfeito de piretroides sinteticos sobre a traca da batatinha - Phthorimaea operculella (Lepidoptera-Gelechiidae)em cultura de tomate rasteiro
650 _aBatata
650 _aTraca
650 _aTomate
650 _aInseticida Piretroide
773 0 _tSolo (Brazil)
_xISSN 0584-0821
_g(Jul-Dec 1978), v. 70(2) p. 20-23
_wBR9205839
909 _a202311
_bLúcia
_c55
_dLúcia Elande
942 _2AGRIS
_n0
_cANA
999 _c145755
_d145755